000 01162nam a22002417a 4500
003 AR-RoUNCS
005 20260511152328.0
007 ta
008 260511s1980 sp |||||r|||| 00| 1 spa d
020 _a840206809X
040 _aAR-RoUNCS
_bspa
_cAR-RoUNCS
041 1 _aspa
_heng
100 1 _aHemingway, Ernest,
_d1899-1961
_eautor
245 1 0 _aAdiós a las armas /
_cErnest Hemingway.
250 _a1a ed.
260 _aBarcelona :
_bBruguera,
_c1980.
300 _a315 p. ;
_c18 cm.
490 0 _aColección de Literatura Universal Bruguera ;
_v6
520 _aNarra una historia de amor entre el soldado joven e idealista llamado Frederick Henry con la enfermera Catherine Barkley en la Italia de la Primera Guerra Mundial. La novela es en su mayor parte autobiográfica. Ernest Hemingway realmente fue conductor de ambulancias voluntario en el ejército italiano, fue herido en las piernas y conoció a una enfermera con la que vivió una historia similar de amor. Esto le permitió usar sus recuerdos para crear un relato bélico crudo y realista.
650 7 _2embne
_aLiteratura norteamericana
655 7 _2embne
_aNovelas
942 _2udc
_cOG
_n0
999 _c1009
_d1009